| 000 | 01490nam0a22004091 4500 | ||
|---|---|---|---|
| 001 | v19\rc\2040139 | ||
| 005 | 20251118181607.2 | ||
| 035 | _a(NLR Aleph) 005117866 | ||
| 090 |
_a7562591 _c7562591 |
||
| 100 | _a20080925d1917 u y0rusy50 ca | ||
| 101 | 0 | _arus | |
| 102 | _aRU | ||
| 105 | _ay e ||||| | ||
| 135 | _acrmn mmmanaba | ||
| 200 | 1 |
_aПолитический словарь _fСост. Пр. Звенигородцев |
|
| 210 |
_aМосква _cНародная мысль _d[1917] |
||
| 215 |
_a62 стб., [1] _d18 |
||
| 325 | _aКопия доступна в Электрон. б-ке РНБ | ||
| 700 | 1 |
_aЗвенигородцев _bПр. _4220 |
|
| 801 | 0 |
_aRU _bNLR _gpsbo |
|
| 801 | 0 |
_aRU _bRuMoRGB _2psbo |
|
| 801 | 1 |
_aRU _bProSoft-M _2rusmarc |
|
| 852 |
_aNLR _j37.61.6.371 |
||
| 856 | 0 | _uhttps://vivaldi.nlr.ru/bx700001072/view | |
| 856 | 1 | _uhttps://vivaldi.nlr.ru/bx700001072/cover | |
| 856 | 2 | _uhttps://vivaldi.nlr.ru/bx700001072/text | |
| 899 |
_aRuMoRGB _jU 201/179 |
||
| 899 |
_aRuMoRGB _jV 280/238 |
||
| 899 | _aБАН | ||
| 899 | _aНБ МГУ | ||
| 942 | _cBOOK | ||
| 980 | _aNB | ||
| 981 | 2 | 2 |
_a(22) Материалы по истории России _b(22) Политика |
| 981 | 2 | 2 |
_a(22) Материалы по истории России _b(22) История России с 25 октября (7 ноября) 1917 года |